000 00601nam a2200205Ia 4500
003 GCL
008 140319s9999 xx 000 0 ara d
040 _aGCL /
_cGCL
082 0 4 _a812.3
_bع م
100 1 _aعباس بيومى عجلان
245 1 0 _aالمنفلوطى والنظرات /
_cعباس بيومى عجلان
260 _a[S.N] :
_bمؤسسة شباب الجامعة ،
_c1987
300 _a288 ص
490 _a
650 0 4 _aالادب العربى
650 0 4 _aالعصر الحديث
650 0 4 _aالمنفلوطى
650 0 4 _aتاريخ ونقد
942 _2ddc
_cBK
999 _c30475
_d30475